000 00302nam a22001457a 4500
008 210304b ||||| |||| 00| 0 eng d
020 _a9780435085711
041 _aeng
080 _a7
082 _a7
100 _a44
101 _aART
245 _aFrom Play to Art
_cSzekely, G
942 _2udc
_cBK
999 _c55735
_d55735